MARC details
| 000 -CABECERA |
| campo de control de longitud fija |
00958nam a2200229 a 4500 |
| 005 - FECHA Y HORA DE LA ÚLTIMA TRANSACCIÓN |
| campo de control |
20210223130519.0 |
| 008 - ELEMENTOS DE LONGITUD FIJA--INFORMACIÓN GENERAL |
| campo de control de longitud fija |
080616s1979 mx r 000 0 spa d |
| 035 ## - NÚMERO DE CONTROL DEL SISTEMA |
| Número de control de sistema |
UPN01000156951 |
| 049 ## - COLECCIÓN |
| Colección |
UNE |
| 080 ## - NÚMERO DE CLASIFICACIÓN DECIMAL UNIVERSAL |
| Número de la Clasificación Decimal Universal |
37 (728.4) "1979" ESC No.3 |
| 100 1# - ASIENTO PRINCIPAL--NOMBRE PERSONAL |
| Nombre de persona |
Escamilla, Manuel Luis |
| 245 10 - MENCIÓN DE TÍTULO |
| Título |
Finalidades y teorías educativas en relación con el educando, el sistema educativo y la sociedad en El Salvador/ |
| Mención de responsabilidad, etc. |
Manuel Luis Escamilla. |
| 260 ## - PUBLICACIÓN, DISTRIBUCIÓN, ETC. |
| Lugar de publicación, distribución, etc. |
Santiago de Chile : |
| Nombre del editor, distribuidor, etc. |
OREALC, |
| Fecha de publicación, distribución, etc. |
1979. |
| 300 ## - DESCRIPCIÓN FÍSICA |
| Extensión |
34 p. : |
| Otras características físicas |
fot. |
| 440 #0 - MENCIÓN DE SERIE/ASIENTO SECUNDARIO--TÍTULO |
| Título |
SERFITE/ Doc. trabajo ; |
| Designación de volumen o secuencia |
3 |
| 690 ## - PUNTO DE ACCESO ADICIONAL DE MATERIA LOCAL--TÉRMINO DE MATERIA (OCLC, RLIN) |
| Término de materia o nombre geográfico como elemento inicial |
Sistemas educacionales - |
| Subdivisión geográfica |
El Salvador |
| 690 ## - PUNTO DE ACCESO ADICIONAL DE MATERIA LOCAL--TÉRMINO DE MATERIA (OCLC, RLIN) |
| Término de materia o nombre geográfico como elemento inicial |
Sociologia de la educacion - |
| Subdivisión geográfica |
El Salvador |
| 9 (RLIN) |
27096 |
| 690 ## - PUNTO DE ACCESO ADICIONAL DE MATERIA LOCAL--TÉRMINO DE MATERIA (OCLC, RLIN) |
| Término de materia o nombre geográfico como elemento inicial |
El Salvador - |
| Subdivisión general |
Sistemas Educacionales |
| 710 2# - ASIENTO SECUNDARIO - NOMBRE CORPORATIVO |
| Nombre de entidad corporativa o nombre de jurisdicción como elemento de entrada |
Oficina Regional de Educación de la UNESCO para América Latina y el Caribe |
| 9 (RLIN) |
29723 |
| 711 2# - ASIENTO SECUNDARIO - NOMBRE DE REUNIÓN |
| Nombre de congreso/reunión o jurisdicción como elemento de entrada |
Seminario Regional sobre Finalidades y Teorías de la Educación, |
| Fecha del congreso/reunión |
1979 : |
| Sede del congreso/Lugar de la reunión |
Santiago de Chile. |
| 905 ## - TIPO DE MATERIAL |
| Tipo de material |
UNESCO |